El profeta

Uloženo v:
Podrobná bibliografie
Hlavní autor: Gibran, Khalil (Autor)
Médium: Kniha
Jazyk:španělština
Vydáno: Santiago Pehuén 1986
Edice:Colección Moby Dick, 16
Témata:
Tagy: Přidat tag
Žádné tagy, Buďte první, kdo vytvoří štítek k tomuto záznamu!

MARC

LEADER 00000nam a2200000 a 4500
001 UCW3637
003 CL-VaPUC
008 881201e19860000CL |||||||||||||||||spa|d
082 0 4 |a 892.7  |b GIB  |2 21 
100 0 |a Gibran, Khalil  |e author  |9 307954 
245 1 3 |a El profeta 
300 |a 125 p 
942 |c BK 
945 |d 19881201 00:00:00 
260 |a Santiago  |b Pehuén  |c 1986 
650 7 |a PROSA LIBANESA  |2 CL-VaPUC  |9 307955 
650 7 |a FILOSOFIA ARABE  |2 CL-VaPUC  |9 307956 
583 |a last modification  |c 19881201 00:00:00  |k Rodrigo Vera 
490 0 |a Colección Moby Dick, 16 
999 |c 217571  |d 217569 
952 |0 0  |1 0  |4 0  |6 892_700000000000000_GIB_1986  |7 0  |8 A  |9 205471  |a BIBEDU  |b BIBEDU  |d 2019-11-15  |i 2734001  |o 892.7 GIB 1986  |p 2734001  |r 2019-11-15  |w 2019-11-15  |y BK  |k EDU